| 000 | 00433nam a22001697a 4500 | ||
|---|---|---|---|
| 005 | 20180519110859.0 | ||
| 008 | 160521b xxu||||| |||| 00| 0 eng d | ||
| 020 | _a81-203-0845-X | ||
| 041 | _aeng | ||
| 082 |
_b3667 _a519.2 |
||
| 100 |
_aJohn H. Mathews _9918 |
||
| 245 | _aNumerical Methods for Mathematics Science and Organic | ||
| 260 |
_aNew Delhi _bPHI, |
||
| 300 | _a640 | ||
| 650 |
_aDIPLOMA ENGINEERING _9817 |
||
| 942 | _cBK | ||
| 999 |
_c1256 _d1256 |
||